Guatemala Después (Record no. 848)

MARC details
000 -LEADER
campo de control de longitud fija 00638nam a22001697a 4500
008 - DATOS DE LONGITUD FIJA--INFORMACIÓN GENERAL
campo de control de longitud fija 160203b xxu||||| |||| 00| 0 eng d
020 ## - NÚMERO INTERNACIONAL ESTÁNDAR DEL LIBRO
Número Internacional Estándar del Libro 978992966803
082 ## - NÚMERO DE LA CLASIFICACIÓN DECIMAL DEWEY
Número de clasificación 708
Número de ítem D473d
100 ## - ENTRADA PRINCIPAL--NOMBRE DE PERSONA
Nombre de persona Ramirez, Pablo José; Acevedo, Anabella; Sawhney, Nitin.
9 (RLIN) 4639
245 ## - MENCIÓN DEL TÍTULO
Título Guatemala Después
Mención de responsabilidad, etc. Pablo José Ramirez, Anabella Acevedo, Nitin Sawhney.
260 ## - PUBLICACIÓN, DISTRIBUCIÓN, ETC.
Lugar de publicación, distribución, etc. Guatemala
Nombre del editor, distribuidor, etc. Ciudad de la imaginación
Fecha de publicación, distribución, etc. 2015
300 ## - DESCRIPCIÓN FÍSICA
Extensión 28 pag
Otras características físicas ill.
Dimensiones 23 cm
650 ## - PUNTO DE ACCESO ADICIONAL DE MATERIA--TÉRMINO DE MATERIA
Término de materia o nombre geográfico como elemento de entrada Catalogo de exhibición
Subdivisión de forma Arte
Subdivisión general Exhibición New York 2015
Subdivisión geográfica Guatemala
9 (RLIN) 4640
700 ## - ENTRADA AGREGADA--NOMBRE PERSONAL
Nombre de persona Pablo José Ramirez
9 (RLIN) 4641
700 ## - ENTRADA AGREGADA--NOMBRE PERSONAL
Nombre de persona Acevedo, Anabella
9 (RLIN) 4642
700 ## - ENTRADA AGREGADA--NOMBRE PERSONAL
Nombre de persona Sawhney, Nitin
9 (RLIN) 4643
Holdings
Estatus retirado Estado de pérdida Fuente del sistema de clasificación o colocación Estado de daño No para préstamo Biblioteca de origen Biblioteca actual Ubicación en estantería Fecha de adquisición Total de préstamos Signatura topográfica completa Código de barras Visto por última vez Precio de reemplazo Tipo de ítem Koha
    Clasificación Decimal Dewey     Biblioteca LadoV Biblioteca LadoV   03/02/2016   708 D473d 004145 03/02/2016 03/02/2016 Material 01